[Event "SVK-chT1E 2425"]
[Site "Slovakia"]
[Date "2024.12.08"]
[Round "4.2"]
[White "Sandor, Samuel"]
[Black "Dziewonski, Dariusz"]
[Result "0-1"]
[WhiteElo "2160"]
[BlackElo "2211"]
[PlyCount "110"]
[EventDate "2024.11.16"]
[EventType "team-tourn"]
[EventRounds "11"]
[EventCountry "SVK"]
[SourceTitle "CB51_2024"]
[SourceDate "2024.12.18"]
[SourceVersion "1"]
[SourceVersionDate "2024.12.18"]
[SourceQuality "1"]
[WhiteTeam "Michalovce Zemplin"]
[BlackTeam "Zákamenne Tatran"]
[WhiteTeamCountry "SVK"]
[BlackTeamCountry "SVK"]

1. d4 d5 2. Bf4 c5 3. e3 cxd4 4. exd4 Nc6 5. c3 Nf6 6. Nd2 a6 7. Bd3 Bg4 8. Ngf3 e6 9. Qb3 Na5 10. Qc2 Bxf3 11. Nxf3 Bd6 12. Be5 h6 13. 0-0 0-0 14. a4 Rc8 15. Qe2 Nc4 16. Bxd6 Nxd6 17. Ne5 g6 18. Rfe1 Qc7 19. Qc2 b5 20. axb5 axb5 21. Re3 Nc4 22. Bxc4 bxc4 23. Rg3 Ne4 24. Rh3 Kg7 25. f3 Nd6 26. Ra6 Ra8 27. Rc6 Qe7 28. Qd2 g5 29. Qc2 Rfc8 30. Rb6 Nf5 31. g4 Nh4 32. f4 gxf4 33. Qd2 Qg5 34. Rb7 Rf8 35. Kf2 Rab8 36. Rxb8 Rxb8 37. Nf3 Nxf3 38. Kxf3 f5 39. Qxf4 fxg4+ 40. Qxg4 Rxb2 41. Qxg5+ hxg5 42. Kg4 Rg2+ 43. Kf3 g4+ 44. Kxg2 gxh3+ 45. Kf3 Kf6 46. Kf4 e5+ 47. dxe5+ Ke6 48. Kf3 Kxe5 49. Ke3 d4+ 50. cxd4+ Kd5 51. Ke2 Kxd4 52. Kd2 Ke4 53. Ke2 c3 54. Ke1 Ke3 55. Kd1 Kd3 0-1

[Event "SVK-chT2D 2425"]
[Site "Slovakia"]
[Date "2024.12.01"]
[Round "4.3"]
[White "Sandor, Samuel"]
[Black "Haborak, Kristian"]
[Result "1-0"]
[WhiteElo "2160"]
[BlackElo "2037"]
[PlyCount "71"]
[EventDate "2024.11.09"]
[EventType "team-tourn"]
[EventRounds "11"]
[EventCountry "SVK"]
[SourceTitle "CB51_2024"]
[SourceDate "2024.12.18"]
[SourceVersion "1"]
[SourceVersionDate "2024.12.18"]
[SourceQuality "1"]
[WhiteTeam "Kosice Slavia UPJS III"]
[BlackTeam "Presov Tatran Dason"]
[WhiteTeamCountry "SVK"]
[BlackTeamCountry "SVK"]

1. d4 d5 2. Bf4 c5 3. e3 Nf6 4. c3 Nc6 5. Nd2 e6 6. Ngf3 Bd6 7. Bg3 0-0 8. Bd3 Qc7 9. dxc5 Bxg3 10. hxg3 e5 11. e4 Rd8 12. Qc2 h6 13. 0-0 a5 14. Rab1 Be6 15. a3 a4 16. Rfe1 Ra5 17. exd5 Bxd5 18. Nc4 e4 19. Rxe4 Bxe4 20. Bxe4 Rxc5 21. Bd3 Rcd5 22. Bf1 b5 23. Ne3 Rc5 24. Rd1 Nd5 25. Nf5 Nb6 26. Re1 Qd7 27. g4 Nc4 28. N3d4 Re5 29. Rd1 Nxd4 30. cxd4 g6 31. Rd3 Rd5 32. Nxh6+ Kg7 33. Qc1 Rxd4 34. Nf5+ gxf5 35. Qg5+ Kf8 36. Rh3 1-0

[Event "SVK-chT2D 2425"]
[Site "Slovakia"]
[Date "2024.11.30"]
[Round "3.2"]
[White "Sandor, Samuel"]
[Black "Vargosko, Juraj"]
[Result "1/2-1/2"]
[WhiteElo "2160"]
[BlackElo "1828"]
[PlyCount "85"]
[EventDate "2024.11.09"]
[EventType "team-tourn"]
[EventRounds "11"]
[EventCountry "SVK"]
[SourceTitle "CB51_2024"]
[SourceDate "2024.12.18"]
[SourceVersion "1"]
[SourceVersionDate "2024.12.18"]
[SourceQuality "1"]
[WhiteTeam "Kosice Slavia UPJS III"]
[BlackTeam "Presov Slavia PU"]
[WhiteTeamCountry "SVK"]
[BlackTeamCountry "SVK"]

1. d4 Nf6 2. Bf4 d5 3. e3 e6 4. Nd2 c5 5. c3 Nc6 6. Ngf3 Bd6 7. Bg3 h5 8. Bd3 b6 9. e4 Bxg3 10. hxg3 Bb7 11. e5 Ng4 12. Qa4 Qd7 13. b4 cxb4 14. cxb4 Ncxe5 15. Qxd7+ Nxd7 16. Ng5 Ke7 17. f3 Ngf6 18. Ke2 Rac8 19. a4 a6 20. a5 b5 21. Nb3 Rc7 22. Kd2 Ne8 23. Rae1 Nd6 24. Nc5 Nxc5 25. dxc5 Nc4+ 26. Kc3 Kf6 27. f4 g6 28. Nf3 Rd8 29. Kd4 Kg7 30. Rh4 Re8 31. g4 hxg4 32. Rxg4 Bc8 33. Rg5 Rce7 34. c6 Rc7 35. Bxc4 dxc4 36. Kc5 Bb7 37. Kb6 Rxc6+ 38. Kxb7 Rec8 39. Nd4 R8c7+ 40. Ka8 Rc8+ 41. Kb7 R8c7+ 42. Ka8 Rc8+ 43. Kb7 1/2-1/2

[Event "SVK-chT1E 2425"]
[Site "Slovakia"]
[Date "2024.11.17"]
[Round "2.2"]
[White "Sandor, Samuel"]
[Black "Nemergut, Matej"]
[Result "1/2-1/2"]
[WhiteElo "2160"]
[BlackElo "2050"]
[PlyCount "109"]
[EventDate "2024.11.16"]
[EventType "team-tourn"]
[EventRounds "11"]
[EventCountry "SVK"]
[SourceTitle "CB51_2024"]
[SourceDate "2024.12.18"]
[SourceVersion "1"]
[SourceVersionDate "2024.12.18"]
[SourceQuality "1"]
[WhiteTeam "Michalovce Zemplin"]
[BlackTeam "Kezmarok KdV"]
[WhiteTeamCountry "SVK"]
[BlackTeamCountry "SVK"]

1. d4 Nf6 2. Bf4 g6 3. Nc3 Bg7 4. e4 d6 5. Qd2 Nbd7 6. 0-0-0 0-0 7. f3 a6 8. Bh6 b5 9. h4 e5 10. Nce2 c5 11. dxe5 dxe5 12. h5 Re8 13. hxg6 fxg6 14. Bxg7 Kxg7 15. Qh6+ Kg8 16. Nc3 Bb7 17. g4 Qe7 18. g5 Nh5 19. Nge2 Nf8 20. Nd5 Bxd5 21. Rxd5 Rad8 22. Bh3 Qf7 23. Bg4 Nf4 24. Nxf4 Qxf4+ 25. Kb1 Rxd5 26. exd5 Qf7 27. Rd1 Rd8 28. d6 Qe7 29. d7 Nxd7 30. Qh2 Nf8 31. Re1 Qxg5 32. b3 e4 33. Qe2 h5 34. Bh3 Qg3 35. Bg2 Ne6 36. Qxe4 Nd4 37. Bh1 Rf8 38. Qd5+ Rf7 39. Rf1 Qh3 40. Rg1 Kg7 41. Qxc5 Nxf3 42. Rd1 Qf5 43. Qc6 Ne5 44. Qc3 Qf6 45. Qc5 Ng4 46. Re1 Qf2 47. Qc3+ Kh6 48. Bd5 Rc7 49. Qh8+ Rh7 50. Qc3 Qf6 51. Qd2+ Qg5 52. Qd4 Qf6 53. Qd2+ Qg5 54. Qd4 Qf6 55. Qd2+ 1/2-1/2

[Event "SVK-chT2D 2223"]
[Site "Slovakia"]
[Date "2022.11.27"]
[Round "6.1"]
[White "Sandor, Samuel"]
[Black "Csala, Jan"]
[Result "1/2-1/2"]
[WhiteElo "2076"]
[BlackElo "2116"]
[PlyCount "101"]
[EventDate "2022.10.08"]
[EventType "team-tourn"]
[EventRounds "11"]
[EventCountry "SVK"]
[SourceTitle "EXT 2024"]
[Source "ChessBase"]
[SourceDate "2023.10.10"]
[SourceVersion "1"]
[SourceVersionDate "2023.10.10"]
[SourceQuality "1"]
[WhiteTeam "Kosice Slavia UPJS III"]
[BlackTeam "Moldava nad Bodvou"]
[WhiteTeamCountry "SVK"]
[BlackTeamCountry "SVK"]

1. e4 c6 2. d4 d5 3. e5 Bf5 4. Nf3 e6 5. Be2 h5 6. 0-0 Be7 7. Be3 Nd7 8. Qd2 Nh6 9. h3 a6 10. a4 Be4 11. Ng5 Bg6 12. a5 Nf5 13. Nf3 c5 14. c4 cxd4 15. Bxd4 Nxd4 16. Qxd4 Bc5 17. Qf4 dxc4 18. Bxc4 b5 19. Bb3 Qe7 20. Nc3 0-0 21. Ng5 Rfd8 22. Rfd1 Ba7 23. Nce4 Bxe4 24. Nxe4 Bb8 25. Nd6 Nxe5 26. Qxe5 Bxd6 27. Qxh5 Qf6 28. Qe2 Be5 29. Rab1 Rxd1+ 30. Bxd1 Rd8 31. Bc2 g6 32. Be4 Bd4 33. g3 Kg7 34. Kg2 Rd7 35. h4 Qd8 36. h5 Bxf2 37. hxg6 Qg5 38. Qf3 f5 39. Bd3 Bd4 40. Re1 Bxb2 41. Rxe6 Qd2+ 42. Be2 Qd5 43. Rxa6 Bd4 44. Ra8 b4 45. Qxd5 Rxd5 46. a6 b3 47. a7 Ra5 48. Rb8 Bxa7 49. Rxb3 Kxg6 50. Kf3 Kg5 51. Bd3 1/2-1/2

[Event "SVK-ch U16"]
[Site "Stara Lubovna"]
[Date "2022.05.26"]
[Round "7"]
[White "Salgovic, Simon"]
[Black "Sandor, Samuel"]
[Result "0-1"]
[WhiteElo "2091"]
[BlackElo "2054"]
[PlyCount "69"]
[EventDate "2022.05.21"]
[EventType "swiss"]
[EventRounds "9"]
[EventCountry "SVK"]
[SourceTitle "CBM 208 Extra"]
[Source "ChessBase"]
[SourceDate "2022.07.31"]
[SourceVersion "1"]
[SourceVersionDate "2022.07.31"]
[SourceQuality "1"]

1. e4 c5 2. Nf3 d6 3. Bb5+ Nd7 4. Ba4 Ngf6 5. 0-0 a6 6. c4 g6 7. Nc3 Bg7 8. d3 0-0 9. h3 Rb8 10. a3 Ne8 11. Be3 Nc7 12. d4 b5 13. cxb5 axb5 14. Bc2 Bb7 15. Qd2 Ba8 16. Bh6 Re8 17. Bxg7 Kxg7 18. Rfd1 h6 19. dxc5 Nxc5 20. b4 Nd7 21. Bb3 Rf8 22. Qd4+ Kh7 23. Ne2 f5 24. exf5 Rxf5 25. Nh4 Rf6 26. Ng3 Qf8 27. Bc2 Ne6 28. Qe3 Ne5 29. Nh5 Rf7 30. Nxg6 Nxg6 31. Qxe6 Qg8 32. Rd4 Rc8 33. Bd3 Rff8 34. Qxe7+ Kh8 35. Rg4 0-1

[Event "SVK-ch U16"]
[Site "Stara Lubovna"]
[Date "2022.05.23"]
[Round "4"]
[White "Rakovsky, Jakub"]
[Black "Sandor, Samuel"]
[Result "0-1"]
[WhiteElo "1888"]
[BlackElo "2054"]
[PlyCount "62"]
[EventDate "2022.05.21"]
[EventType "swiss"]
[EventRounds "9"]
[EventCountry "SVK"]
[SourceTitle "CBM 208 Extra"]
[Source "ChessBase"]
[SourceDate "2022.07.31"]
[SourceVersion "1"]
[SourceVersionDate "2022.07.31"]
[SourceQuality "1"]

1. e4 e5 2. Nf3 Nc6 3. Bc4 Nf6 4. Ng5 d5 5. exd5 Na5 6. Bb5+ c6 7. dxc6 bxc6 8. Qf3 Be7 9. Bf1 0-0 10. Ne4 Nd5 11. d3 f5 12. Nec3 Bb7 13. a3 c5 14. Nxd5 Bxd5 15. Qd1 Bb7 16. Nc3 Nc6 17. Be2 Nd4 18. Rg1 Qc7 19. Be3 Rad8 20. g3 Kh8 21. a4 a6 22. b3 Bf6 23. Bxd4 cxd4 24. Nb1 e4 25. Nd2 e3 26. Nf3 g5 27. Kf1 g4 28. Ne1 exf2 29. Kxf2 Bg5 30. Ng2 f4 31. gxf4 Rxf4+ 0-1

[Event "SVK-ch U16"]
[Site "Stara Lubovna"]
[Date "2022.05.21"]
[Round "1"]
[White "Sandor, Samuel"]
[Black "Sustek, Adam"]
[Result "1-0"]
[WhiteElo "2054"]
[BlackElo "1636"]
[PlyCount "78"]
[EventDate "2022.05.21"]
[EventType "swiss"]
[EventRounds "9"]
[EventCountry "SVK"]
[SourceTitle "CBM 208 Extra"]
[Source "ChessBase"]
[SourceDate "2022.07.31"]
[SourceVersion "1"]
[SourceVersionDate "2022.07.31"]
[SourceQuality "1"]

1. e4 e6 2. d4 d5 3. Nc3 Nf6 4. e5 Nfd7 5. f4 c5 6. Nf3 Be7 7. Be3 Nc6 8. Qd2 cxd4 9. Nxd4 Nxd4 10. Bxd4 Bc5 11. 0-0-0 a6 12. Ne4 Be7 13. Ng5 b5 14. h4 h6 15. Nf3 Nc5 16. g4 Ne4 17. Qe1 Bd7 18. Kb1 a5 19. Bd3 Nc5 20. Bxc5 Bxc5 21. f5 b4 22. Qg3 Rb8 23. Rde1 Bb5 24. g5 Bxd3 25. cxd3 exf5 26. g6 0-0 27. d4 Ba7 28. gxf7+ Rxf7 29. e6 Re7 30. Qe5 Qc7 31. Qxf5 Rbe8 32. Qxd5 Qb6 33. Re4 Qb7 34. Qxb7 Rxb7 35. d5 Bc5 36. Rc1 Be7 37. Ne5 Rd8 38. Nd7 Rb5 39. Rd1 Rb7 1-0

[Event "SVK-chT2D 2122"]
[Site "Slovakia"]
[Date "2022.03.05"]
[Round "6.2"]
[White "Sandor, Samuel"]
[Black "Panko, Radoslav"]
[Result "0-1"]
[WhiteElo "2084"]
[BlackElo "2013"]
[PlyCount "226"]
[EventDate "2021.10.16"]
[EventType "team-tourn"]
[EventRounds "11"]
[EventCountry "SVK"]
[SourceTitle "EXT 2023"]
[Source "ChessBase"]
[SourceDate "2022.10.05"]
[SourceVersion "1"]
[SourceVersionDate "2022.10.05"]
[SourceQuality "1"]
[WhiteTeam "Michalovce Zemplin II"]
[BlackTeam "Stropkov/Svidnik"]
[WhiteTeamCountry "SVK"]
[BlackTeamCountry "SVK"]

1. e4 g6 2. d4 Bg7 3. Nc3 c6 4. f4 d5 5. e5 h5 6. Be3 Nh6 7. Nf3 Bg4 8. h3 Bxf3 9. Qxf3 e6 10. Bf2 h4 11. 0-0-0 Nf5 12. Bd3 b5 13. Ne2 Bf8 14. Kb1 Nd7 15. g4 hxg3 16. Nxg3 Nb6 17. Bxf5 gxf5 18. h4 Nc4 19. h5 Qa5 20. Be1 Bb4 21. Bxb4 Qxb4 22. Qc3 Qxc3 23. bxc3 Rh6 24. Rh4 Kd7 25. Ne2 Rg8 26. Rg1 Rgh8 27. Rgh1 Nd2+ 28. Kb2 Ne4 29. R1h2 Rg8 30. R4h3 Rg4 31. Rh4 Rxh4 32. Rxh4 Ke7 33. Kb3 a5 34. Rh1 Rh8 35. a4 Kf8 36. h6 Kg8 37. Ng1 Nf2 38. Rh2 Ng4 39. Rg2 Rxh6 40. Nf3 Rh1 41. Rg3 Rb1+ 42. Ka2 Rf1 43. Kb3 Rf2 44. axb5 cxb5 45. Rh3 Rf1 46. Rg3 Rh1 47. Rg2 Kf8 48. Rg3 Nf2 49. Ng1 Ne4 50. Rg2 Rh4 51. Ne2 Rh3 52. Rg1 Re3 53. Rg2 b4 54. Nc1 Rxc3+ 55. Ka4 Ra3+ 56. Kb5 Nc3+ 57. Kc5 Ke7 58. Nb3 Ra2 59. Nxa5 Rxa5+ 60. Kxb4 Ra8 61. Kxc3 Ra3+ 62. Kd2 Rf3 63. Rg8 Rxf4 64. Kd3 Rf2 65. Rc8 Rf3+ 66. Kd2 Rh3 67. Rb8 Rh4 68. Kd3 Re4 69. Rc8 Re1 70. Rh8 Rd1+ 71. Ke3 f4+ 72. Kxf4 Rxd4+ 73. Kf3 Re4 74. Rh5 Kd7 75. Rh7 Rxe5 76. Rxf7+ Kd6 77. Ra7 Kc5 78. Ra4 Kb5 79. Rh4 Re1 80. Rh6 Kc4 81. Rh8 Kc3 82. Rc8+ Kd2 83. c4 d4 84. c5 e5 85. Re8 Kd3 86. c6 Rf1+ 87. Kg2 Rc1 88. Rxe5 Rxc6 89. Kf2 Kd2 90. Re2+ Kd3 91. Re8 Rc2+ 92. Ke1 Rc1+ 93. Kf2 Kc2 94. Rc8+ Kd2 95. Ra8 d3 96. Ra2+ Rc2 97. Ra1 Rb2 98. Ra3 Kc2 99. Ra1 Kd2 100. Ra3 Rb5 101. Ra2+ Kc3 102. Ra3+ Rb3 103. Ra1 Rb2+ 104. Ke1 Rh2 105. Ra3+ Kd4 106. Kd1 Ke3 107. Kc1 Rh1+ 108. Kb2 Ke2 109. Ra8 d2 110. Re8+ Kd1 111. Re7 Rh5 112. Re8 Rb5+ 113. Ka1 Kc2 0-1

[Event "SVK-chT2D 2122"]
[Site "Slovakia"]
[Date "2021.10.17"]
[Round "2.2"]
[White "Pejko, Otomar"]
[Black "Sandor, Samuel"]
[Result "0-1"]
[WhiteElo "2103"]
[BlackElo "2076"]
[PlyCount "56"]
[EventDate "2021.10.16"]
[EventType "team-tourn"]
[EventRounds "11"]
[EventCountry "SVK"]
[SourceTitle "EXT 2023"]
[Source "ChessBase"]
[SourceDate "2022.10.05"]
[SourceVersion "1"]
[SourceVersionDate "2022.10.05"]
[SourceQuality "1"]
[WhiteTeam "Kosice Slavia UPJS III"]
[BlackTeam "Michalovce Zemplin II"]
[WhiteTeamCountry "SVK"]
[BlackTeamCountry "SVK"]

1. e4 e5 2. d4 exd4 3. Qxd4 Nc6 4. Qe3 Nf6 5. e5 Ng4 6. Qe2 d6 7. exd6+ Be6 8. h3 Nf6 9. dxc7 Qxc7 10. Nf3 0-0-0 11. Be3 Nd5 12. Ng5 Ncb4 13. Na3 Nxe3 14. Qxe3 Nd5 15. Nxe6 Qa5+ 16. Qd2 Bb4 17. c3 Nxc3 18. Qc2 Rhe8 19. Bc4 Nd1+ 20. Kf1 Rd2 21. Rxd1 Rxc2 22. Nxc2 fxe6 23. a3 Be7 24. Kg1 Rf8 25. Nd4 e5 26. Ne6 Rf6 27. g3 Qb6 28. Rd2 Qc6 0-1

[Event "Piestany Slovakia op"]
[Site "Piestany"]
[Date "2021.07.18"]
[Round "9"]
[White "Sandor, Samuel"]
[Black "Holicky, Miroslav"]
[Result "1-0"]
[WhiteElo "1993"]
[BlackElo "1794"]
[PlyCount "25"]
[EventDate "2021.07.10"]
[EventType "swiss"]
[EventRounds "9"]
[EventCountry "SVK"]
[SourceTitle "CBM 203 Extra"]
[Source "ChessBase"]
[SourceDate "2021.09.30"]
[SourceVersion "1"]
[SourceVersionDate "2021.09.30"]
[SourceQuality "1"]

1. e4 d5 2. exd5 Nf6 3. d4 Bg4 4. Be2 Bxe2 5. Qxe2 Qxd5 6. Nf3 Nc6 7. 0-0 0-0-0 8. Rd1 Qe4 9. Qc4 e6 10. Qa4 e5 11. Nc3 Nxd4 12. Nxe4 Ne2+ 13. Kf1 1-0

[Event "Piestany Slovakia op"]
[Site "Piestany"]
[Date "2021.07.15"]
[Round "6"]
[White "Musaev, Matej Elbek"]
[Black "Sandor, Samuel"]
[Result "1/2-1/2"]
[WhiteElo "1818"]
[BlackElo "1993"]
[PlyCount "121"]
[EventDate "2021.07.10"]
[EventType "swiss"]
[EventRounds "9"]
[EventCountry "SVK"]
[SourceTitle "CBM 203 Extra"]
[Source "ChessBase"]
[SourceDate "2021.09.30"]
[SourceVersion "1"]
[SourceVersionDate "2021.09.30"]
[SourceQuality "1"]

1. e4 d6 2. d4 Nf6 3. Nc3 e5 4. h3 exd4 5. Qxd4 Nc6 6. Qd3 d5 7. e5 Nxe5 8. Qe2 Qe7 9. Bf4 Ng6 10. Bxc7 Be6 11. Nb5 Qc5 12. Bh2 Rc8 13. 0-0-0 Ne4 14. Nd4 Bd6 15. Bxd6 Qxd6 16. Nxe6 fxe6 17. Qxe4 Qc6 18. Qd3 0-0 19. Nf3 Rf4 20. Qb3 Rb4 21. Qc3 Qxc3 22. bxc3 Rxc3 23. Rd3 Rc5 24. Rb3 Ra4 25. Kb2 e5 26. Rxb7 Rca5 27. Ng5 Rxa2+ 28. Kc1 Kf8 29. Ne6+ Kg8 30. Rxg7+ Kh8 31. Rb7 h6 32. Kd2 Ra1 33. Bd3 e4 34. Rxa1 Rxa1 35. Rb8+ Kh7 36. Rb7+ Kh8 37. Be2 Ne5 38. Rb5 a5 39. Rxd5 Nc6 40. Rc5 Ne7 41. Rc4 a4 42. Rxe4 a3 43. Ra4 Kg8 44. Bh5 a2 45. Ra8+ Kh7 46. Ra7 Kg8 47. Rxe7 Rd1+ 48. Bxd1 a1Q 49. Rg7+ Kh8 50. Rg3 Qa5+ 51. Kc1 Qa1+ 52. Kd2 Qa5+ 53. c3 Qa2+ 54. Bc2 Qxe6 55. Rg6 Qd5+ 56. Bd3 h5 57. f3 h4 58. Rg4 Qa2+ 59. Ke3 Qf2+ 60. Ke4 Qe3+ 61. Kxe3 1/2-1/2

[Event "Piestany Slovakia op"]
[Site "Piestany"]
[Date "2021.07.13"]
[Round "4"]
[White "Fizerova, Lucie"]
[Black "Sandor, Samuel"]
[Result "0-1"]
[WhiteElo "1544"]
[BlackElo "1993"]
[PlyCount "80"]
[EventDate "2021.07.10"]
[EventType "swiss"]
[EventRounds "9"]
[EventCountry "SVK"]
[SourceTitle "CBM 203 Extra"]
[Source "ChessBase"]
[SourceDate "2021.09.30"]
[SourceVersion "1"]
[SourceVersionDate "2021.09.30"]
[SourceQuality "1"]

1. e4 e5 2. Nf3 Nc6 3. Bb5 a6 4. Ba4 Nf6 5. d3 d6 6. c3 g6 7. Nbd2 b5 8. Bb3 Bg7 9. 0-0 0-0 10. h3 Na5 11. Bc2 c5 12. d4 Nc6 13. Nb3 exd4 14. cxd4 c4 15. Nbd2 Nd7 16. d5 Nce5 17. Nd4 Nc5 18. N2f3 Ned3 19. Bxd3 Nxd3 20. Rb1 Re8 21. Nc6 Qc7 22. b3 Bd7 23. bxc4 bxc4 24. Nfd4 Rxe4 25. Be3 f5 26. Qf3 Rae8 27. g3 Ne5 28. Nxe5 Bxe5 29. Rfd1 Rb8 30. Rxb8+ Qxb8 31. g4 Qf8 32. gxf5 gxf5 33. Kh1 Kh8 34. Nc6 Bxc6 35. dxc6 c3 36. Rb1 c2 37. Rc1 Rc4 38. Qd5 Qg8 39. Qf3 f4 40. Bb6 Qa8 0-1

[Event "Piestany Slovakia op"]
[Site "Piestany"]
[Date "2021.07.11"]
[Round "2"]
[White "Pacher, Milan"]
[Black "Sandor, Samuel"]
[Result "1-0"]
[WhiteElo "2409"]
[BlackElo "1993"]
[PlyCount "85"]
[EventDate "2021.07.10"]
[EventType "swiss"]
[EventRounds "9"]
[EventCountry "SVK"]
[SourceTitle "CBM 203 Extra"]
[Source "ChessBase"]
[SourceDate "2021.09.30"]
[SourceVersion "1"]
[SourceVersionDate "2021.09.30"]
[SourceQuality "1"]

1. e4 e5 2. Nf3 Nc6 3. Bc4 Nf6 4. d3 h6 5. c3 d6 6. Nbd2 g6 7. 0-0 Bg7 8. b4 0-0 9. a4 a6 10. Re1 Qe7 11. h3 Be6 12. Qb3 Nh5 13. Bxe6 Qxe6 14. Qxe6 fxe6 15. g3 Nf6 16. Kg2 Nd7 17. Nb3 b5 18. Be3 Nb6 19. Bxb6 cxb6 20. Ra3 bxa4 21. Rxa4 Ra7 22. Rea1 Rfa8 23. Nfd2 d5 24. c4 Bf8 25. exd5 exd5 26. b5 axb5 27. Rxa7 Rxa7 28. Rxa7 Nxa7 29. cxd5 Kf7 30. Kf3 Bc5 31. Nxc5 bxc5 32. Ke4 Kf6 33. Nb3 Nc8 34. Nxc5 Nb6 35. d6 b4 36. d7 Ke7 37. Kxe5 b3 38. d8B+ Kxd8 39. Nxb3 Ke7 40. Nc5 Nc8 41. f4 Nd6 42. g4 Nf7+ 43. Kd5 1-0

[Event "Piestany Slovakia op"]
[Site "Piestany"]
[Date "2021.07.10"]
[Round "1"]
[White "Sandor, Samuel"]
[Black "Kostic, Ivan"]
[Result "1-0"]
[WhiteElo "1993"]
[BlackElo "1564"]
[PlyCount "75"]
[EventDate "2021.07.10"]
[EventType "swiss"]
[EventRounds "9"]
[EventCountry "SVK"]
[SourceTitle "CBM 203 Extra"]
[Source "ChessBase"]
[SourceDate "2021.09.30"]
[SourceVersion "1"]
[SourceVersionDate "2021.09.30"]
[SourceQuality "1"]

1. d4 d5 2. Bf4 g6 3. Nc3 c6 4. h4 Nf6 5. e3 Bg7 6. Bd3 Nbd7 7. Nf3 Nb6 8. Ne5 Nh5 9. Bh2 f5 10. Qf3 e6 11. 0-0-0 Nf6 12. Bf4 Ne4 13. Ne2 Bf6 14. g3 Qe7 15. Qg2 Nd7 16. f3 Nd6 17. g4 fxg4 18. fxg4 Nf7 19. Qg3 Ndxe5 20. dxe5 Bg7 21. g5 Qc7 22. h5 gxh5 23. Rxh5 Bd7 24. Bxh7 Rf8 25. Bg6 Ke7 26. Rh7 Rg8 27. Rf1 Raf8 28. Bxf7 Kxf7 29. Qh4 Ke8 30. Qh5+ Kd8 31. g6 Kc8 32. Ng3 Qd8 33. Qg4 Qe7 34. Nh5 Rf5 35. Rh1 Qf8 36. Nxg7 Rxg7 37. Rh8 Rg8 38. g7 1-0

[Event "SVK League Cup 1st"]
[Site "Tornelo INT"]
[Date "2021.04.04"]
[Round "4"]
[White "Sandor, Samuel"]
[Black "Zdrazil, Patrik"]
[Result "1-0"]
[WhiteElo "1993"]
[BlackElo "1838"]
[PlyCount "71"]
[EventDate "2021.03.27"]
[EventType "swiss"]
[EventRounds "8"]
[EventCountry "SVK"]
[SourceTitle "EXT 2022"]
[Source "ChessBase"]
[SourceDate "2021.10.06"]
[SourceVersion "1"]
[SourceVersionDate "2021.10.06"]
[SourceQuality "1"]

1. d4 Nf6 2. Bf4 b6 3. e3 Bb7 4. Nf3 g6 5. h3 Bg7 6. a4 a5 7. Be2 0-0 8. 0-0 d6 9. Nbd2 Nbd7 10. Bh2 Ne4 11. Nc4 e6 12. c3 f5 13. Ne1 g5 14. Nd3 Kh8 15. f3 Nef6 16. Qd2 h5 17. b4 g4 18. bxa5 bxa5 19. Na3 h4 20. Bf4 Nh5 21. fxg4 Nxf4 22. Nxf4 Qe8 23. Qe1 Bf6 24. Nb5 Rc8 25. gxf5 Rg8 26. Rf2 exf5 27. Bh5 Qd8 28. Qe2 Nf8 29. Bf3 c6 30. Na3 Rc7 31. Rb1 Ba8 32. Nc4 Rcg7 33. Kh1 c5 34. Nd5 Ne6 35. Rb6 f4 36. Rxd6 1-0

[Event "EU-ch Online U14"]
[Site "Tornelo INT"]
[Date "2020.09.20"]
[Round "9"]
[White "Sandor, Samuel"]
[Black "Creanga, Robert Ionut"]
[Result "1/2-1/2"]
[WhiteElo "1639"]
[BlackElo "1955"]
[PlyCount "39"]
[EventDate "2020.09.18"]
[EventType "swiss (rapid)"]
[EventRounds "9"]
[EventCountry "ENG"]
[SourceTitle "EXT 2023"]
[Source "ChessBase"]
[SourceDate "2022.10.05"]
[SourceVersion "1"]
[SourceVersionDate "2022.10.05"]
[SourceQuality "1"]
[WhiteTeam "Slovakia"]
[BlackTeam "Romania"]
[WhiteTeamCountry "SVK"]
[BlackTeamCountry "ROU"]

1. d4 Nf6 2. Bf4 e6 3. e3 d5 4. Nd2 Bd6 5. Bg3 0-0 6. Ngf3 b6 7. Bd3 Bb7 8. Ne5 Ne4 9. Nxe4 dxe4 10. Be2 Nd7 11. Nxd7 Qxd7 12. 0-0 Rad8 13. Qd2 Bxg3 14. hxg3 c5 15. Rfd1 e5 16. c3 Qc6 17. Rac1 Qd5 18. b3 exd4 19. cxd4 Qf5 20. Qc3 1/2-1/2

[Event "EU-ch Online U14"]
[Site "Tornelo INT"]
[Date "2020.09.20"]
[Round "8"]
[White "Yildiz, Tunahan"]
[Black "Sandor, Samuel"]
[Result "0-1"]
[WhiteElo "1818"]
[BlackElo "1639"]
[PlyCount "120"]
[EventDate "2020.09.18"]
[EventType "swiss (rapid)"]
[EventRounds "9"]
[EventCountry "ENG"]
[SourceTitle "EXT 2023"]
[Source "ChessBase"]
[SourceDate "2022.10.05"]
[SourceVersion "1"]
[SourceVersionDate "2022.10.05"]
[SourceQuality "1"]
[WhiteTeam "Turkey"]
[BlackTeam "Slovakia"]
[WhiteTeamCountry "TUR"]
[BlackTeamCountry "SVK"]

1. d4 d6 2. Nf3 Bg4 3. g3 Bxf3 4. exf3 Nf6 5. Bg2 Nbd7 6. f4 c6 7. Nd2 e6 8. Nf3 Be7 9. a4 a5 10. 0-0 0-0 11. c3 Qc7 12. Qd3 Rfd8 13. Rd1 Bf8 14. f5 e5 15. dxe5 dxe5 16. Qc2 Nb6 17. Bg5 Rxd1+ 18. Rxd1 Nfd5 19. Re1 Re8 20. Bc1 Nf6 21. h3 Nbd7 22. Nd2 Nc5 23. Ne4 Ncxe4 24. Bxe4 Bc5 25. Be3 Qb6 26. Bxc5 Qxc5 27. Kg2 Rd8 28. Re2 h6 29. Bf3 b5 30. h4 Re8 31. b4 Qc4 32. Rd2 axb4 33. cxb4 e4 34. Be2 Qxb4 35. axb5 cxb5 36. Qb2 Qa5 37. Rd4 Rb8 38. Rb4 Nd5 39. Rxb5 Rxb5 40. Qxb5 Qxb5 41. Bxb5 Nc3 42. Bc6 Kf8 43. Kf1 Ke7 44. Ke1 Kd6 45. Ba8 Ke5 46. Kd2 Nb5 47. Ke3 Nd6 48. g4 Nc4+ 49. Ke2 Kf4 50. f3 Nd6 51. Bd5 f6 52. Kf2 e3+ 53. Ke2 Nb5 54. Be4 Nc3+ 55. Kd3 e2 56. Kd2 Nxe4+ 57. fxe4 Kxe4 58. Kxe2 Kf4 59. g5 hxg5 60. hxg5 Kxg5 0-1

[Event "EU-ch Online U14"]
[Site "Tornelo INT"]
[Date "2020.09.19"]
[Round "6"]
[White "Collin, Moritz Valentin"]
[Black "Sandor, Samuel"]
[Result "0-1"]
[WhiteElo "1855"]
[BlackElo "1639"]
[PlyCount "60"]
[EventDate "2020.09.18"]
[EventType "swiss (rapid)"]
[EventRounds "9"]
[EventCountry "ENG"]
[SourceTitle "EXT 2023"]
[Source "ChessBase"]
[SourceDate "2022.10.05"]
[SourceVersion "1"]
[SourceVersionDate "2022.10.05"]
[SourceQuality "1"]
[WhiteTeam "Schweiz"]
[BlackTeam "Slovakia"]
[WhiteTeamCountry "SUI"]
[BlackTeamCountry "SVK"]

1. d4 d6 2. c4 e5 3. Nc3 exd4 4. Qxd4 Nc6 5. Qd2 Nf6 6. b3 a5 7. Bb2 a4 8. Nxa4 d5 9. cxd5 Ne4 10. Qe3 Rxa4 11. 0-0-0 Bc5 12. Qf4 Nxf2 13. bxa4 Nxd1 14. Qe4+ Ne7 15. Kxd1 0-0 16. Nf3 Nxd5 17. Ke1 Re8 18. Qc4 Bb4+ 19. Kf2 Be6 20. Qd4 f6 21. e4 Qe7 22. Qd1 Nb6 23. g3 Bg4 24. Bd3 Rd8 25. Qb3+ Kh8 26. Rd1 Qc5+ 27. Kg2 Qe3 28. Bc2 Bxf3+ 29. Kf1 Qe2+ 30. Kg1 Qg2# 0-1